000 00892nas a2200277 4500
001 BR2012007247
003 BR-BrBNA
005 20231205121229.0
007 ta
008 230509b bl.|||p| |||| 00| 00por d
040 _aBR-BrBNA
_bpor
_cBiblioteca Nacional de Agricultura
041 _a(Pt)
072 _aE50; M01
100 1 _aSilva, M.E.P.A. da
100 1 _aCastro, P.M.G. de
100 1 _aMaruyama, L.S.
100 1 _aPaiva, P. de
245 1 _aLevantamento da pesca e perfil socioeconômico dos pescadores artesanais profissionais no reservatório Billings
650 _aPESCA ARTESANAL
650 _aCOMUNIDADE PESQUEIRA
650 _aMAPA
650 _aBACIA HIDROGRÁFICA
773 0 _tBoletim do Instituto de Pesca (Brazil)
_xISSN 0046-9939
_g(Oct-Dec 2009), v. 35(4) p. 531-543
_wBR2012007247
909 _a202311
_bLúcia
_c55
_dLúcia Elande
942 _2AGRIS
_n0
_cANA
999 _c222457
_d222457